Teatro critico uniuersal, ó Discursos varios en todo género de materias, para desengaño de errores comunes / (Record no. 154033)

MARC details
000 -LEADER
campo de control de longitud fija 01354nam a22002655i 4500
001 - NÚMERO DE CONTROL
campo de control 154033
003 - IDENTIFICADOR DE NÚMERO DE CONTROL
campo de control ES-MaACL
005 - FECHA Y HORA DE LA ÚLTIMA TRANSACCIÓN
campo de control 20250724063416.0
008 - DATOS DE LONGITUD FIJA--INFORMACIÓN GENERAL
campo de control de longitud fija 940202s1773 sp |||| | spa d
040 ## - FUENTE DE CATALOGACIÓN
Centro catalogador/agencia de origen CARM
Lengua de catalogación spa
100 1# - ENTRADA PRINCIPAL--NOMBRE DE PERSONA
Nombre de persona Feijoo, Benito Jerónimo,
Fechas asociadas al nombre 1676-1764
9 (RLIN) 49105
245 10 - MENCIÓN DEL TÍTULO
Título Teatro critico uniuersal, ó Discursos varios en todo género de materias, para desengaño de errores comunes /
Mención de responsabilidad, etc. escrito por ... Fr. Benito Gerónymo Feyjoó y Montenegro ... del Orden de San Benito ... ; tomo primero.
250 ## - MENCION DE EDICION
Mención de edición Nueua impresion, en la qual van puestas las adiciones del Suplemento en sus lugares.
260 ## - PUBLICACIÓN, DISTRIBUCIÓN, ETC.
Lugar de publicación, distribución, etc. Madrid :
Nombre del editor, distribuidor, etc. por D. Joachin Ibarra. :
-- costa de la Real Compañia de Impresores, y Libreros,
Fecha de publicación, distribución, etc. 1773.
300 ## - DESCRIPCIÓN FÍSICA
Extensión LXXXIV, 414 p., [2] en bl., [1] h. de grab. ;
Dimensiones 21 cm.
500 ## - NOTA GENERAL
Nota general Palau, V, 91056.
500 ## - NOTA GENERAL
Nota general Aguilar, III, 1883.
596 ## - NOTA AL PIE DE IMPRENTA
NOTA AL PIE DE IMPRENTA Marca tip. del ed. en port.
597 ## - NOTA DE DESCRIPCIÓN FÍSICA
NOTA DE DESCRIPCIÓN FÍSICA Sign.: a-e8, f2, A-Z8, 2A-2C8.
597 ## - NOTA DE DESCRIPCIÓN FÍSICA
NOTA DE DESCRIPCIÓN FÍSICA Texto del índice a dos col.
599 ## - NOTA A LAS ILUSTRACIONES
NOTA A LAS ILUSTRACIONES La h. de grab. xil.: "Joachin Ballester la gravó, año 1765", retrato del autor.
710 2# - ENTRADA AGREGADA--NOMBRE DE ENTIDAD CORPORATIVA
Nombre de entidad corporativa o nombre de jurisdicción como elemento de entrada Real Compañía de Impresores y Libreros del Reino.
9 (RLIN) 134788
852 ## - LOCALIZACIÓN
Encuadernación
Ubicación BA
Número de control de estantería R-847-61
Nota libre -- Enc. piel no original de la época
-- -- Ex-libris ms. de Manuel Fernández
Encuadernación Olim: G.1530-44
Holdings
Estatus retirado Estado de pérdida Estado de daño No para préstamo Colección Biblioteca de origen Biblioteca actual Ubicación en estantería Fecha de adquisición Total de préstamos Signatura topográfica completa Código de barras Visto por última vez Precio de reemplazo Tipo de ítem Koha
        Libros del s. XVIII Biblioteca del Ateneo de Madrid Biblioteca del Ateneo de Madrid Depósito 17/01/2008   R-847-61 1161056 23/02/2023 23/02/2023 Libro impreso antiguo